World Map Without 40 Random Countries - Statistics

General Stats
  • This quiz has been taken 514 times
    513 since last reset
  • The average score is 36 of 40
Answers on the Map
Answers color-coded by a green-red scale on the quiz's map according to % correct below.
 
Answer Stats
Country % Correct
Argentina
100%
Brazil
100%
Canada
100%
Chad
100%
China
100%
Colombia
100%
Costa Rica
100%
Denmark
100%
Italy
100%
Japan
100%
Kazakhstan
100%
Libya
100%
Mexico
100%
Myanmar
100%
Romania
100%
Russia
100%
Slovakia
100%
Sweden
100%
Turkmenistan
100%
United Kingdom
100%
United States
100%
Venezuela
100%
Nicaragua
98%
Algeria
97%
Australia
97%
Belarus
97%
Belgium
97%
DR Congo
97%
Egypt
97%
France
97%
Germany
97%
Ghana
97%
India
97%
Iran
97%
Kosovo
97%
Latvia
97%
Malawi
97%
Mali
97%
Mozambique
97%
Niger
97%
Norway
97%
Pakistan
97%
Poland
97%
Slovenia
97%
South Africa
97%
Spain
97%
Sudan
97%
Ukraine
97%
Greece
96%
Indonesia
96%
Peru
96%
Austria
95%
Finland
95%
Guyana
95%
Hungary
95%
Mongolia
95%
Afghanistan
94%
Bolivia
94%
Lithuania
94%
Malaysia
94%
Moldova
94%
Morocco
94%
North Macedonia
94%
Panama
94%
Saudi Arabia
94%
Sierra Leone
94%
Somalia
94%
Suriname
94%
Switzerland
94%
Cameroon
93%
Central African Republic
93%
Croatia
93%
Cuba
93%
Ecuador
93%
Ethiopia
93%
Laos
93%
Papua New Guinea
93%
Paraguay
93%
Seychelles
93%
South Sudan
93%
Vietnam
93%
Angola
92%
Bulgaria
92%
Guinea
92%
Ireland
92%
Nepal
92%
Turkey
92%
Eritrea
91%
Haiti
91%
Israel
91%
Republic of the Congo
91%
Rwanda
91%
Tunisia
91%
Uruguay
91%
Zimbabwe
91%
Botswana
90%
Burkina Faso
90%
Netherlands
90%
Philippines
90%
Uganda
90%
Benin
89%
Iraq
89%
Kenya
89%
South Korea
89%
Sri Lanka
89%
Togo
89%
Zambia
89%
Azerbaijan
88%
Bosnia and Herzegovina
88%
Chile
88%
Comoros
88%
Czech Republic
88%
Honduras
88%
Kyrgyzstan
88%
Madagascar
88%
Maldives
88%
Nigeria
88%
Portugal
88%
Serbia
88%
Thailand
88%
Uzbekistan
88%
Yemen
88%
Dominican Republic
87%
Gabon
87%
Guatemala
87%
New Zealand
87%
Tajikistan
87%
Bangladesh
86%
Kiribati
86%
Lesotho
86%
Mauritania
86%
Oman
86%
Georgia
85%
Ivory Coast
85%
Namibia
85%
North Korea
85%
Taiwan
85%
Bahamas
84%
Iceland
84%
Senegal
84%
United Arab Emirates
84%
Vanuatu
84%
Cambodia
83%
Marshall Islands
83%
Tanzania
83%
Jamaica
82%
Jordan
82%
Samoa
82%
Albania
81%
Equatorial Guinea
81%
FS Micronesia
81%
Solomon Islands
81%
Syria
81%
Guinea-Bissau
80%
Palau
80%
Eswatini
79%
El Salvador
78%
Estonia
78%
Armenia
77%
Burundi
77%
Cape Verde
77%
Fiji
77%
Liberia
76%
Tonga
76%
Kuwait
75%
Tuvalu
75%
Malta
74%
Mauritius
74%
Sao Tome and Principe
72%
Belize
71%
Nauru
68%
No matching quizzes found
Score Distribution
Percent of People with Each Score
Percentile by Number Answered
Your Score History
You have not taken this quiz since the last reset